02138 2200445 4500001002100000005001500021035002000036008004100056020001800097041000800115082001100123084001700134100002800151245011900179250001000298260003400308300001600342520082900358650002501187990002401212990002401236990002401260990002401284990002401308990002401332990002401356990002401380990002401404990002401428990002401452990002401476990002401500990002401524990002401548990002401572990002401596990002401620990002401644990002401668INLIS00000000000784620221107102701 a0010-0520007846221107 | | ind  a9789795382317 aind a346.08 a346.08 HER c0 aHerlina Suyati Bachtiar1 aContoh Akta Notaris dan Akta di Bawah Tangan, Buku VIII :bMengenai Penerbitan Obligasi /cHerlina Suyati Bachtiar aCet.2 aBandung :bMandar Maju,c2008 aviii, 140p. aBuku seri kedelapan ini membahas mengenai pengalaman yang diperoleh oleh penulis dalam menghandel perusahaan yang akan melakukan Penerbitan Obligasi di berbagai perusahaan (baik holding company maupun anak perusahaan). Dalam buku ini, penulis menyiapkan contoh-contoh akte yang diperlukan dalam menghandel perusahaan yang akan melakukan Penerbitan Obligasi di berbagai perusahaan (baik holding company maupun anak perusahaan). Diharapkan buku ini bermanfaat bagi pihak-pihak yang ingin mengetahui perjanjian apa saja yang diperlukan dalam menghandel perusahaan-perusahaan tersebut dan juga bagi sarjana hukum yang ingin merintis karier di perusahaan-perusahaan tersebut untuk dijadikan sebagai bahan permulaan untuk bekerja ataupun bahan perbandingan dengan bentuk-bentuk perjanjian yang digunakan di tempat pembaca bekerja. 4aNotaries - Indonesia a16879/MKRI-P/X-2010 a16880/MKRI-P/X-2010 a16881/MKRI-P/X-2010 a16882/MKRI-P/X-2010 a16882/MKRI-P/X-2010 a16879/MKRI-P/X-2010 a16880/MKRI-P/X-2010 a16881/MKRI-P/X-2010 a16881/MKRI-P/X-2010 a16879/MKRI-P/X-2010 a16880/MKRI-P/X-2010 a16882/MKRI-P/X-2010 a16880/MKRI-P/X-2010 a16879/MKRI-P/X-2010 a16881/MKRI-P/X-2010 a16882/MKRI-P/X-2010 a16879/MKRI-P/X-2010 a16880/MKRI-P/X-2010 a16881/MKRI-P/X-2010 a16882/MKRI-P/X-2010